Loading...
Salt tolerance of crops and plant metabolism in saline substrate
| Main Author: | |
|---|---|
| Format: | Printed Book |
| Language: | Undetermined English |
| Published: |
Dehradun
International Book Distributors
1982
|
| Subjects: |
| LEADER | 00563nam a2200157Ia 4500 | ||
|---|---|---|---|
| 008 | 140306s9999 xx 000 0 und d | ||
| 041 | |a eng | ||
| 082 | |a 581.1 |b MAL/SA | ||
| 100 | |a Maliwal, G L | ||
| 245 | |a Salt tolerance of crops and plant metabolism in saline substrate | ||
| 260 | |a Dehradun |b International Book Distributors |c 1982 | ||
| 300 | |a 197 | ||
| 650 | |a Plant physiology | ||
| 942 | |2 ddc |c BK | ||
| 999 | |c 111553 |d 111553 | ||
| 952 | |0 0 |1 0 |2 ddc |4 0 |6 581_100000000000000_MALSA |7 0 |9 109206 |a KAUHCV |b KAUHCV |d 2004-04-05 |o 581.1 MAL/SA |p KAU_HCV-21845 |r 2014-03-22 |w 2014-03-22 |y BK | ||